McDougal Littell literature: American literature
Saved in:
| Main Author: | |
|---|---|
| Format: | Book |
| Language: | English |
| Published: |
: McDougal Littell
2008
|
| Tags: |
Add Tag
No Tags, Be the first to tag this record!
|
MARC
| LEADER | 00000nam a22000007a 4500 | ||
|---|---|---|---|
| 008 | 201218b ||||| |||| 00| 0 eng d | ||
| 020 | |a 978-0-618-90187-6 | ||
| 100 | |a ALLEN, Janet. | ||
| 245 | |a McDougal Littell literature: |b American literature |c Janet Allen …[et. al.] | ||
| 260 | |b : McDougal Littell |c 2008 |h Evanston, Ill |i 687139 |l PS507 Al2 |m American literature. |m American literature – Collections. | ||
| 942 | |a lcc |c BK |e Adeniran, F. A |f 18/12/20202 | ||
| 952 | |0 0 |1 0 |2 lcc |4 0 |6 PS0507 A L2 |7 0 |9 976 |a HOL |b HOL |c LP |d 2020-12-18 |l 0 |o PS507 Al2 |p 2020-230202 |r 2020-12-18 00:00:00 |w 2020-12-18 |y BK | ||
| 999 | |c 501 |d 501 | ||